00711nam a2200229 a 450000100060000000300080000600500170001400800410003102000230007202000230009503500200011804000290013804100080016708200250017510000260020024500880022626000580031430000210037250400510039365000150044470000220045957541BD-RjUL20211209080526.0161210s1996 cau b 001 0 eng d a0804726752 (cloth) a0804726760 (paper) a(BD-RjUL) 57665 aTxDNcTxDNdBD-RjULbeng aeng00a302.23223bWEM 19961 aWeber, Samuel,d1940-10aMass mediauras :bform, technics, media /cSamuel Weber, edited by Alan Cholodenko. aStanford, Calif. :bStanford University Press,c1996. a247 p. ;c23 cm. aIncludes bibliographical references and index. 0aMass media1 aCholodenko, Alan.